Sistemas de arriostramiento en estructuras metalicas industriales

Gespeichert in:
Bibliographische Detailangaben
1. Verfasser: Perez Mejia, Carlos Isaac
Format: Abschlussarbeit Buch
Sprache:Undetermined
Veröffentlicht: 1982
Schlagworte:
Tags: Tag hinzufügen
Keine Tags, Fügen Sie den ersten Tag hinzu!

MARC

LEADER 00000nam a2200000Ia 4500
001 4369
008 140114s9999 xx 000 0 und d
100 |a Perez Mejia, Carlos Isaac 
245 |a Sistemas de arriostramiento en estructuras metalicas industriales 
260 |c 1982 
500 |a NULL 
502 |a Escuela de ingenieria Civil 
650 |z SISTEMAS DE ARRIOSTRAMIENTO 
999 |c 11480  |d 11480